| 000 | 00000nam##2200000za#4500 |
| 001 | 9.570719 |
| 003 | CaOODSP |
| 005 | 20230629103825 |
| 007 | cr ||||||||||| |
| 008 | 150406|2005||||xxc|||||o f|0| 0 eng|d |
| 040 | |aCaOODSP|beng |
| 043 | |an-cn--- |
| 086 | 1 |aYC11-0/381-15E-PDF |
| 110 | 1 |aCanada. |bParliament. |bSenate. |bStanding Committee on Banking, Trade and Commerce. |
| 245 | 10|aFalling behind: answering the wake-up call : |h[electronic resource]|bWhat can be done to improve Canada's productivity performance? / |cThe Honourable Jerahmiel S. (Jerry) Grafstein, Q.C., chair; The Honourable W. David Angus, Q.C., deputy chair. |
| 246 | 3 |aReport of the Standing Senate Committee on Banking, Trade and Commerce |
| 260 | |aOttawa - Ontario : |bSenate. |cJune 2005. |
| 300 | |a52p.|bgraphs, tables |
| 490 | 1 |aReport of the Standing Senate Committee on Banking, Trade and Commerce|v[38th Parliament, 1st Session, 15th report] |
| 590 | |a11-12-Supp|b2011-07-29 |
| 775 | 08|tIl est temps d'agir pour rattraper notre retard : |w(CaOODSP)9.601366 |
| 830 | #0|aReport of the Standing Senate Committee on Banking, Trade and Commerce ;|v[38th Parliament, 1st Session, 15th report]|w(CaOODSP)9.505261 |
| 856 | 40|ahttp://publications.gc.ca|qPDF|s220 KB|uhttps://publications.gc.ca/collections/collection_2011/sen/yc11-0/YC11-0-381-15-eng.pdf|y[38th Parliament, 1st Session, 15th report] |